00629nam a2200205 a 450000100060000000300080000600500170001400800410003102000150007203500190008704000340010604100080014008200240014810000520017224500850022426000530030930000210036250000190038365000210040252601BD-RjUL20211209075831.0160922r19701966enka b 000 0 eng  a0043300480 a(BD-RjUL)52721 dUPvMRCaBD-RjULbengcBD-RjUL aeng a338.9223bLED 19701 aLewis, W. Arthurq(William Arthur),d1915-1991.10aDevelopment planning :bthe essentials of economic policy /cby W. Arthur Lewis. aLondon :bAllen & Unwin,c1966 [impression 1970] a278 p. ;c23 cm. aIncludes Index 0aEconomic policy.